Представление документа в формате RUSMARC

ПолеНазваниеЗначение
  Тип записи a
  Библиографический уровень a
001 Контрольный номер RU/УОНБ/EK_Kray/503150796
005 Дата корректировки 20240131005020.5
100 Данные общей обработки __
a Данные общей обработки 20151210d2015 ||| 0rusy0189 ca
101 Язык документа 0_
a Язык текста rus
102 Страна публикации __
a Страна публикации RU
105 Кодированные данные (монография) __
a Кодированные данные (монография) y###||||000|y
200 Заглавие и сведения об ответственности 1_
a Заглавие И чистый след, горячий и глубокий...
e Сведения, относящиеся к заглавию стихи
f Первые сведения об ответственности Лев Бурдин
215 Физическое описание __
c Иллюстрации/тип воспроизводства 1 портр.
225 Серия __
a Серия Память сердца
327 Примечание о содержании 11
a Примечание о содержании Рассвет на Волге
327 Примечание о содержании 11
a Примечание о содержании Карамзинский сад
327 Примечание о содержании 11
a Примечание о содержании Барыш
327 Примечание о содержании 11
a Примечание о содержании Звенигород
327 Примечание о содержании 11
a Примечание о содержании Белое озеро
327 Примечание о содержании 11
a Примечание о содержании Старый Венец
327 Примечание о содержании 11
a Примечание о содержании Инза
327 Примечание о содержании 11
a Примечание о содержании Звезды на воротах
327 Примечание о содержании 11
a Примечание о содержании Старый парк
327 Примечание о содержании 11
a Примечание о содержании Август
461 Уровень набора _0
1 001RU/УОНБ/EK/487086466
1 2001
a Симбирскъ
e лит. журн.
v № 9
1 2101
a Ульяновск
c МедиаЦентр
d 2015
463 Уровень физической единицы _0
1 001RU/УОНБ/EK/500490655
1 2000
a № 9
v С. 88-94
600 Персоналии _1
a Персоналии (Фамилия) Бурдин, Лев Александрович
610 Ключевые слова 0_
a Ключевые слова поэты Ульяновска
610 Ключевые слова 0_
a Ключевые слова биографии
610 Ключевые слова 0_
a Ключевые слова стихи
686 Индексы других классификаций __
a Классификационный индекс 84-5
2 Код системы rubbk
700 Автор _1
a Фамилия Бурдин
b Имя (инициалы) Л.
g Полное личное имя Лев
801 Источник записи _0
a Страна RU
b Организация Ульяновская ОНБ
c Дата составления 20151210
g Правила каталогизации RCR
801 Источник записи _1
a Страна RU
b Организация Ульяновская ОНБ
c Дата составления 20151210
g Правила каталогизации RCR
900 Электронные ресурсы __
a Имя электронного ресурса Simbirsk_092015
901 Тип документа __
t Тип документа c
w Контрольный № источника RU/УОНБ/EK/500490655
909 Создатель записи __
a Создатель записи Шевякова
938 Служебная информация __
a Имя БД kraeved_work
b Имя библиотеки УОНБ
c Имя АИБС МАРК-SQL
d Номер DOC_ID в БД 118267